| 000 | 00528nam a22001457a 4500 | ||
|---|---|---|---|
| 082 | _a620.005 | ||
| 100 | _aQamar, Rana Muhammad Awias | ||
| 245 |
_aImproving Public Sector Health Care Organizations by Implementing Lean Concept in Pakistan / _cRana Muhammad Awias Qamar |
||
| 260 |
_aIslamabad : _bCEME - NUST, _c2013. |
||
| 300 |
_a79 p. ; _c30cm. |
||
| 650 |
_aEngineering Management-MS-Thesis _916065 |
||
| 700 |
_aDr. Akhtar Nawaz Malik _916099 |
||
| 942 |
_2ddc _cTHE |
||
| 999 |
_c540799 _d540799 |
||